000 02196cam a2200565 i 4500
001 33485
003 KOSZ 005
005 20250826063407.0
008 250825s1998 pl a f 001 0 pol
015 _aUWD 1998/12594
020 _a8387102008
_q(całość)
020 _a8387102458
_q(cz. 1)
035 _a991005562969705066
035 _a(PL-WaBN)b1145359x-48omnis_nlop
035 _ab1145359x
035 _a(OCoLC)835748019
035 _a(PL)b0000001145359
035 _a(EXLNZ-48OMNIS_NETWORK)9910270710305606
040 _aWA N
_cWA N
_dKOSZ 005/RW
046 _k1993
080 _a004.382.7
080 _a004.451
080 _a(075.3)
245 0 0 _aObsługa mikrokomputerów /
_cZdzisław Nowakowski, Witold Sikorski.
250 _aWydanie 6.
260 _aWarszawa :
_b"Mikom",
_c1998.
300 _a252 strony :
_bfotografie, rysunki ;
_c24 cm.
336 _aTekst
_btxt
_2rdacontent
337 _aBez urządzenia pośredniczącego
_bn
_2rdamedia
338 _aWolumin
_bnc
_2rdacarrier
380 _aKsiążki
380 _aPublikacje dydaktyczne
385 _mPoziom nauczania
_aSzkoły średnie
388 1 _a1901-2000
388 1 _a1989-2000
490 1 _aInformatyka bez tajemnic / Zdzisław Nowakowski, Witold Sikorski ;
_vcz. 1
500 _aU dołu okładki: Windows 3.11 i 95, Internet - podstawy, DOS, Norton.
504 _aBibliografia na stronach [234]-235. Indeks.
521 8 _aPodręcznik dla uczniów liceów ogólnokształcących i techników i dla wszystkich, którzy chcą od podstaw poznać obsługę komputerów klasy IBM PC.
650 7 _aInformatyka (przedmiot szkolny)
_2DBN
655 7 _aPodręczniki dla szkół średnich
_2DBN
658 _aInformatyka i technologie informacyjne
700 1 _aNowakowski, Zdzisław
_c(informatyk)
_eAutor
700 1 _aSikorski, Witold
_d(1950- )
_eAutor
710 2 _aWydawnictwo Mikom
_4pbl
800 1 _aNowakowski, Zdzisław
_c(informatyk).
_tInformatyka bez tajemnic ;
_vcz. 1
856 _uhttps://koha.tu.koszalin.pl/cgi-bin/koha/opac-detail.pl?biblionumber=33485
_yKatalog online BPK
942 _2UKD
_cKS
999 _c33485
_d33485